| 000 | 02328nab a2200277 a 4500 | ||
|---|---|---|---|
| 005 | 20250924063919.0 | ||
| 008 | 991125c2018 sp fr p o 000 0 spa d | ||
| 035 | _aUPN01000225693 | ||
| 040 |
_aUPN _bspa _cUPN _eaacr2 |
||
| 049 | _aART-E | ||
| 100 | 1 |
_aSilva Sández, Gema _6- gsilvasandez@gmail.com |
|
| 100 | 1 | _aRodríguez Miranda, Francisco de Paula | |
| 245 | 1 | 0 |
_aUna mirada hacia las TIC en la educación de las personas con discapacidad y con trastorno del espectro autista: análisis temático y bibliográfico _h[recurso electrónico en línea] |
| 506 | 0 | _aAcceso abierto | |
| 520 | 3 | _aLas Tecnologías de la Información y de la Comunicación (TIC) han introducido grandes cambios a nivel social, cultural, económico, sin embargo, en educación aún hay elementos que limitan su potencial. El presente trabajo recoge una revisión teórica y bibliográfica con el objetivo de conocer cómo influye la implementación de los recursos tecnológicos en la educación de las personas con discapacidad. La revisión realizada se centra en la recopilación y descripción de las investigaciones académicas publicadas por las revistas de Tecnología Educativa como son Comunicar, Píxel-Bit, Edutec-e, Relatec y la revista española de Educación Inclusiva, la búsqueda incluye todos los documentos hallados sobre el tema que ha realizado cada revista desde el inicio de cada una de ellas hasta el año 2016. La muestra la componen un total de 49 publicaciones analizadas cuyos principales resultados revelan que las Tecnologías de la Información y de la Comunicación son un recurso eficaz para la educación de las personas con discapacidad y que, efectivamente, la inclusión del uso de las TIC en el desarrollo del currículo amplía las oportunidades en el proceso de aprendizaje de los estudiantes con discapacidad. | |
| 650 | 4 |
_aTecnologías de la información y comunicación _921219 |
|
| 650 | 4 |
_aEducación especial _93029 |
|
| 650 | 2 |
_914026 _aDiscapacidades |
|
| 650 | 2 |
_923712 _aTrastornos del espectro autista |
|
| 653 | 0 | _aAccesibilidad | |
| 653 | 0 | _aRevisión bibliográfica | |
| 773 |
_gVol. 7, no. 1 (2018 ), p. 43-65 _tEdmetic : revista de educación mediática y tic _x2254-0059 |
||
| 856 | 4 | _uhttps://journals.uco.es/edmetic/article/view/10030 | |
| 905 | _aArticulo | ||
| 942 | _cART-E | ||
| 999 |
_c197789 _d197789 |
||